Ils commencent par la lettre Z - Statistiques

Statistiques générales
  • Ce quiz a été pris 103 fois
  • Le résultat moyen est 12 sur 25
Statistiques - réponses
Hint Réponse % Correct
Roi des dieux dans la mythologie grecque Zeus
100%
Ville la plus peuplée de Suisse Zurich
95%
Héros masqué qui monte Tornado et signe ses exploits d’un « Z » dessiné à l’épée Zorro
89%
Capitale de la Croatie Zagreb
84%
Tradition bouddhiste japonaise fondée principalement sur la pratique de la méditation Zen
84%
Partie externe et parfumée de l'écorce des agrumes avec laquelle on aromatise certaines préparations culinaires Zeste
71%
Dirigeable rigide d'origine allemande utilisé pour le transport ou la publicité Zeppelin
68%
Muscles qui descendent obliquement de la pommette à la commissure des lèvres Zygomatiques
68%
Bovin à bosse originaire de la péninsule indienne Zébu
66%
Élément chimique de symbole de numéro atomique 30 Zinc
66%
Point le plus haut dans le ciel, opposé au nadir Zénith
63%
Ancien État qui, avec le Tanganyika, forme l’actuelle Tanzanie Zanzibar
61%
Princesse gardienne de la Triforce de la Sagesse Zelda
52%
Héroïne d'un roman de Raymond Queneau, qui, contrairement à ce que suggère le titre, ne prend jamais le métro Zazie
44%
Groupe de blues rock originaire de Houston, rendu célèbre par les longues barbes de ses guitaristes ZZ Top
40%
Zone du ciel associée à douze constellations Zodiaque
38%
Oiseau, conseiller du roi Mufasa dans le Roi Lion Zazu
37%
Prophète associé à un poème philosophique de Friedrich Nietzsche et à un poème symphonique de Richard Strauss Zarathoustra
29%
Savant mégalomane, ennemi de Spirou et Fantasio Zorglub
19%
Édifice religieux mésopotamien à degrés, formé de plusieurs terrasses et surmonté d’un temple Ziggurat
13%
Maître du Feu, fils aîné du Seigneur du Feu Ozai et un des personnages principaux de la série Avatar, le dernier maître de l'air Zuko
9%
Figure de style consistant à lier par la syntaxe deux mots ou groupes de mots, de sens et d’emplois différents, autour d’un unique verbe associé séparément à chacun de ces mots ou chacune de ces locutions (par exemple : "Voudriez vous me donner l’heure et un timbre ?") Zeugma
8%
Petit mammifère africain, proche du putois Zorille
5%
Race extraterrestre du jeu de stratégie StarCraft Zerg
4%
Magicienne de l’univers DC, capable de lancer des sorts en parlant à l’envers Zatanna
2%
Aucun quiz correspondant
Distribution des résultats
% des personnes avec chaque résultat
Percentile par nombre de réponses
Votre historique - résultats
Vous n’avez pas pris ce quiz